Normal view
MARC view
Entry Personal Name
001 - CONTROL NUMBER
- control field: 75523
003 - CONTROL NUMBER IDENTIFIER
- control field: dpl
005 - DATE AND TIME OF LATEST TRANSACTION
- control field: 20241220144420.0
008 - FIXED-LENGTH DATA ELEMENTS
- fixed length control field: 241220|| aca||aabn | a|a d
040 ## - CATALOGING SOURCE
- Original cataloging agency: dpl
- Transcribing agency: dpl
100 ## - HEADING--PERSONAL NAME
- Personal name: Suchitra Sharma
670 ## - SOURCE DATA FOUND
- Source citation: Work cat.: (dpl)207874: Sharma, J. N. 75522, Upkar's Rashtriya Military Schools Common Entrance Test:, 2024
